Представление документа в формате RUSMARC

ПолеНазваниеЗначение
  Тип записи a
  Библиографический уровень a
001 Контрольный номер RU/CBS_Ul/BASE/442583981
005 Дата корректировки 20240209175134.4
100 Данные общей обработки __
a Данные общей обработки 20140109d2014 ||| 0rusy0189 ca
101 Язык документа 0_
a Язык текста rus
102 Страна публикации __
a Страна публикации RU
105 Кодированные данные (монография) __
a Кодированные данные (монография) y###||||000|y
200 Заглавие и сведения об ответственности 1_
a Заглавие Танцы босиком
b Общее обозначение материала Текст
e Сведения, относящиеся к заглавию [дункановские танцы; педагогическая концепция Айседоры Дункан]
f Первые сведения об ответственности Ася Штейн
300 Общие примечания __
a Общие примечания Ограничения по возрасту - 6+
461 Уровень набора _0
1 2000
a Здоровье школьника
463 Уровень физической единицы _0
1 001RU/CBS_Ul/BASE/442578906
1 2000
a №11
v С.22-23
1 210
d 2013
600 Персоналии _0
a Персоналии (Фамилия) Дункан
b Персоналии (Имя, инициалы) А.
606 Тематические рубрики 0_
a Основная рубрика Танец - Дункановские танцы
610 Ключевые слова 0_
a Ключевые слова педагогическая концепция
a Ключевые слова танец
a Ключевые слова танцы дункановские
686 Индексы других классификаций __
a Классификационный индекс 85.32
2 Код системы ББК
700 Автор _1
a Фамилия Штейн
b Имя (инициалы) Ася
g Полное личное имя А.
801 Источник записи _0
a Страна RU
b Организация МБУК ЦБС г. Ульяновска
c Дата составления 20140109
g Правила каталогизации RCR
801 Источник записи _1
a Страна RU
b Организация МБУК ЦБС г. Ульяновска
c Дата составления 20140109
g Правила каталогизации RCR
901 Тип документа __
t Тип документа b
w Контрольный № источника RU/CBS_Ul/BASE/442578906
910 Корректоры записи __
a Корректор записи Библиотека 18
938 Служебная информация __
a Имя БД period